000 01388cam a2200253 4500
001 ABS65139
008 020228n2002 000 0 eng u
035 _a(Sirsi) u116907
100 _aCooke, E.
245 _aContamination practice needs freshening up
260 _c2002
490 _aEstates Gazette
_v(0208) 23 February 2002, 156-157(2)
520 _aShows how to avoid the problems faced by consultants and advisers as environmental law and practice evolves. Environmental Protection Act 1990 came into force April 2000,and cites two recent cases "Urban Regeneration Agency/English Partnerships v Mott Macdonald" and "Lidl Properties v Clarke Bond Partnership" to illustrate problems involving claims against environmental consultants, where misunderstandings regarding the definitions and handling of contaminated land had arisen between the consultants and the clients. Warns that special care is needed to find improved ways of working to manage risks and achieve clients' objectives.
590 _aABS
650 _aENVIRONMENTAL PROTECTION ACT 1990
650 _aContamination
_96231
650 _aURBAN REGENERATION AGENCY V MOTT MACDONALD GROUP LTD
650 _aURBAN REGENERATION AGENCY
650 _aLIDL PROPERTIES V CLARKE BOND PARTNERSHIP
650 _aREGENERATION
650 _aCONTAMINATED LAND
690 _aENVIRONMENT-CONTAMINATION
942 _n0
999 _c69641
_d69641